[Event "Mephisto Cup (40/120')"]
[Site "?"]
[Date "2013.??.??"]
[Round "3"]
[White "Saitek SH7034, Magellan"]
[Black "Mephisto ARM2, RISC 2.0."]
[Result "1/2-1/2"]
[WhiteElo "2229"]
[BlackElo "2241"]
[Annotator "xchessg"]
[PlyCount "234"]
[SourceDate "2009.11.09"]

1. d3 d5 {[%eval 0,0] *Fullbook;} 2. Nd2 {[%eval 0,0] *Fullbook;} e5 3. e4 {a
tempo} Be6 4. Ngf3 Nc6 5. exd5 Qxd5 6. Be2 O-O-O {a tempo} 7. O-O Be7 {a tempo}
8. Nb3 Nf6 {a tempo} 9. Ng5 h5 10. Bf3 {+0.7} Qd6 {[%eval 2,0]} 11. Be3 b6 12.
Nxe6 Qxe6 {a tempo} 13. Qe2 h4 14. h3 Nd5 15. c4 {a tempo; +0.9} Nf6 {[%eval 1,
0]} 16. Bxc6 Qxc6 17. d4 Nd7 {a tempo} 18. dxe5 Nxe5 19. c5 (19. Bxb6 axb6 20.
Qxe5 Bf6 21. Qf5+ $16) 19... Qe4 20. cxb6 axb6 {a tempo} 21. Rac1 (21. Rfe1)
21... Qd3 22. Qc2 c5 $5 23. Nxc5 $2 bxc5 24. Bxc5 Qxc2 25. Rxc2 Kd7 26. b4 {-0.
5} Bxc5 {[%eval 142,0]} 27. Rxc5 Nd3 28. Rd1 Ke6 29. Rc4 {a tempo} Rd6 30. a4 {
-0.4} Ra8 {[%eval 113,0]} 31. b5 Nb2 32. Re4+ Kf5 33. Rxd6 {a tempo} Kxe4 34.
Rd7 Nxa4 35. Rxf7 g6 36. Rf6 Rg8 {a tempo} 37. Rc6 Kd4 {a tempo} 38. Kf1 Nc5
39. Rd6+ Ke5 {a tempo} 40. Rb6 {-1.0} Ne4 {[%eval 157,0]} 41. Ra6 Kd5 42. Ra4
Nd2+ {a tempo} 43. Ke2 Nc4 44. Ra7 {a tempo} Kc5 45. Rh7 {-2.1} Re8+ {[%eval
169,0]} 46. Kd3 Rd8+ 47. Kc3 Nd6 {a tempo} 48. Rxh4 Nxb5+ 49. Kb3 Nd4+ 50. Kc3
{-1.5} Ne2+ 51. Kc2 Rf8 52. f3 Nf4 53. Rg4 Rf6 54. Kc3 Nd5+ 55. Kd3 {-1.4} Rf8
{[%eval 183,0] a tempo;} 56. Rc4+ Kd6 57. Rg4 Rf6 58. Rg5 Kc6 59. g3 Rd6 60. h4
Kc7 61. g4 Nf4+ 62. Ke3 Nh3 63. Rc5+ {a tempo} Kb6 64. Re5 Rf6 {a tempo} 65. h5
{-0.8} g5 {[%eval 86,0]} 66. Ke4 {a tempo} Rf4+ 67. Ke3 Rf7 {a tempo} 68. Rf5
Re7+ 69. Kd4 Ka6 70. Kc4 {-0.8} Rh7 {[%eval 83,0]} 71. Rf6+ Ka5 72. Rf5+ Ka4
73. Kc5 Kb3 74. Kb5 Kc3 75. Kc6 {-1.0} Kd4 76. Kd6 Ke3 77. Ke6 Rc7 78. Kf6 Rc6+
79. Kg7 Nf4 {[%eval 0,0]} 80. h6 {a tempo; -0.5} Ne6+ 81. Kf7 {+0.0} Nf4 82.
Kg7 Kxf3 {a tempo} 83. h7 Rc7+ {a tempo} 84. Kh6 Rxh7+ {a tempo} 85. Kxh7 {+0.3
} Kxg4 {[%eval 0,0]} 86. Ra5 {a tempo} Nh3 87. Kg6 Kh4 88. Kf5 g4 89. Ra2 Kg3
90. Ra3+ {a tempo} Kh4 91. Ra7 Nf2 92. Rb7 {a tempo} Kg3 93. Rb3+ {a tempo} Kh4
94. Rb1 {a tempo} Nh3 95. Rb8 Kg3 96. Rc8 Nf2 97. Ra8 Nd1 98. Ra3+ Kh4 99. Kf4
Nf2 100. Rc3 Nh3+ 101. Kf5 Nf2 {a tempo} 102. Rc6 Kg3 103. Rc8 Nd1 104. Ke4 Kg2
105. Kf4 {+1.8} Nf2 106. Rc3 Kg1 {[%eval -35,0]} 107. Re3 Kg2 108. Rb3 {a tempo
} Kf1 109. Kg3 Ke1 {a tempo} 110. Re3+ Kf1 {a tempo} 111. Re8 Nd3 112. Re4 Ne1
113. Re3 Nc2 114. Re8 Nb4 115. Kxg4 Kf2 116. Kf4 Nc2 117. Ra8 Ke2 1/2-1/2

[Event "Mephisto Cup (40/120')"]
[Site "?"]
[Date "2013.??.??"]
[Round "4"]
[White "Mephisto ARM2, RISC 2.0."]
[Black "Saitek SH7034, Magellan"]
[Result "1/2-1/2"]
[WhiteElo "2241"]
[BlackElo "2229"]
[Annotator "xchessg"]
[PlyCount "148"]
[SourceDate "2009.11.09"]

1. c4 Nf6 2. Nc3 d5 3. cxd5 Nxd5 4. g3 e5 5. Bg2 Nb6 6. Nf3 Nc6 {*Fullbook; +0.
1} 7. O-O Be7 8. a3 Bf5 9. d3 {[%eval 0,0] *Grossbuch;} O-O 10. Be3 Be6 11. b4
Nd5 12. Nxd5 Bxd5 13. b5 Nd4 14. Bxd4 {a tempo} exd4 15. e4 {[%eval -18,0]}
dxe3 {-0.2} 16. fxe3 Bf6 17. Rb1 Re8 18. Qd2 c5 {a tempo} 19. bxc6 Bxc6 20. d4
{[%eval -18,0]} Rc8 {-0.1} 21. Rbc1 Qe7 22. Rc3 Be4 {a tempo} 23. Rfc1 Rc6 {a
tempo} 24. Qb2 Rxc3 25. Rxc3 {[%eval -12,0]} Rd8 {-0.1} 26. Ne1 Bxg2 27. Nxg2
Kf8 28. Qc1 b6 29. Rc7 Rd7 30. Rc8+ {[%eval 5,0]} Rd8 {+0.1} 31. Qc7 {a tempo}
a5 32. Kf2 b5 33. Rxd8+ Qxd8 34. Qc5+ Qe7 35. Qxb5 {[%eval 61,0]} Qxa3 {+0.0}
36. Qb8+ Ke7 37. Nf4 Qa2+ 38. Kf3 Qxh2 39. Qc7+ Ke8 {a tempo} 40. Qxa5 Qh1+ {
a tempo; +0.0} 41. Kf2 {[%eval 33,0]} Qh2+ 42. Ng2 h5 43. Qb5+ Ke7 44. Qb7+ Ke8
45. Qb8+ Ke7 {a tempo} 46. Qa7+ Ke8 47. Qa8+ Ke7 48. Qd5 Ke8 49. Qf5 Ke7 50.
Qc5+ Ke8 {+0.2} 51. Qc6+ {[%eval 68,0]} Ke7 {a tempo} 52. Qc7+ Ke8 53. Qc8+ Ke7
54. Qb8 h4 55. Qb7+ Kd8 56. Qd5+ Kc8 {a tempo} 57. gxh4 Bxh4+ {a tempo} 58. Ke2
g6 {a tempo} 59. Kd3 Bg3 {a tempo} 60. Qc6+ {[%eval 49,0]} Kd8 {+0.0} 61. Nf4
Qa2 {a tempo} 62. Nd5 Qb1+ {a tempo} 63. Kc4 Qc1+ {a tempo} 64. Nc3 Qxe3 {a
tempo} 65. Qa8+ {[%eval 77,0]} Kd7 {a tempo; +0.0} 66. Qb7+ Kd8 {a tempo} 67.
Qxf7 Bf2 {a tempo} 68. Qd5+ Ke7 {a tempo} 69. Qc5+ Kd7 70. Qb5+ Kd6 {+0.0} 71.
Qb6+ {[%eval 68,0]} Kd7 72. Qb7+ Kd8 73. Qa8+ Kd7 {a tempo} 74. Qe4 Qxd4+ {-0.1
} 1/2-1/2

[Event "Mephisto Cup (40/120')"]
[Site "?"]
[Date "2013.??.??"]
[Round "5"]
[White "Saitek SH7034, Magellan"]
[Black "Mephisto ARM2, RISC 2.0."]
[Result "1-0"]
[WhiteElo "2229"]
[BlackElo "2241"]
[Annotator "xchessg"]
[PlyCount "98"]
[SourceDate "2009.11.09"]

1. Nc3 Nf6 2. e4 e5 3. f4 d5 4. fxe5 Nxe4 5. d3 Nxc3 6. bxc3 Nc6 7. Nf3 {
*Fullbook; -0.4} d4 8. Bb2 Bg4 {[%eval 18,0] *Grossbuch;} 9. Be2 Bxf3 {a tempo}
10. Bxf3 {-0.1} Nxe5 {[%eval 11,0]} 11. cxd4 {+0.2} Nxf3+ {[%eval -12,0]} 12.
Qxf3 Qe7+ 13. Qe4 f5 {a tempo} 14. Qe5 Rd8 15. O-O {+0.5} Qxe5 {[%eval -15,0]}
16. dxe5 {a tempo} Bc5+ 17. Kh1 g6 {a tempo} 18. Rad1 Be7 19. d4 Rd5 20. a4 {
a tempo; +0.8} b5 {[%eval -52,0]} 21. axb5 Rxb5 {a tempo} 22. Bc3 Kd7 {a tempo}
23. Ra1 Ra8 {a tempo} 24. Ra6 Rb6 25. Rfa1 {+0.5} Rc6 {[%eval -49,0]} 26. Rxc6
{a tempo} Kxc6 27. Ra5 Kb6 28. Kg1 {a tempo} c6 29. Kf2 Re8 30. Ra2 {+0.4} Bg5
{[%eval -55,0]} 31. h3 h5 32. Rb2+ Ka6 {a tempo} 33. Bb4 Be7 34. Bxe7 Rxe7 35.
Ke3 {+0.9} Rd7 {[%eval -79,0]} 36. c4 Ka5 37. Rb8 {a tempo} g5 38. Rc8 {a tempo
} Kb6 39. Rh8 {a tempo} h4 40. Rg8 f4+ {[%eval -189,0]} 41. Ke4 {a tempo} Rh7
42. Rxg5 a5 43. Rg4 {a tempo} a4 44. Rxf4 {a tempo} Rh8 45. Rf3 {+2.5} Ra8 {
[%eval -243,0]} 46. Ra3 Ka5 47. d5 {a tempo} Kb4 48. Ra1 cxd5+ 49. cxd5 Ra7 {
[%eval -393,0]} 1-0

[Event "Mephisto Cup (40/120')"]
[Site "?"]
[Date "2013.??.??"]
[Round "6"]
[White "Mephisto ARM2, RISC 2.0."]
[Black "Saitek SH7034, Magellan"]
[Result "1/2-1/2"]
[WhiteElo "2241"]
[BlackElo "2229"]
[Annotator "xchessg"]
[PlyCount "78"]
[SourceDate "2009.11.09"]

1. e4 c5 2. Nf3 Nc6 3. d4 cxd4 4. Nxd4 Nf6 5. Nc3 e5 6. Ndb5 d6 7. Bg5 a6 8.
Na3 Be6 9. Nc4 Nd4 10. f4 {[%eval 24,0] *Grossbuch;} Rc8 {*Fullbook; +0.3} 11.
fxe5 dxe5 12. Nxe5 {a tempo} Qb6 13. Bxf6 {[%eval 15,0]} Qxb2 {a tempo; -2.0}
14. Qxd4 {[%eval 61,0]} gxf6 15. Rb1 {[%eval 30,0]} Qxc3+ {a tempo; -1.0} 16.
Qxc3 {[%eval -46,0]} Rxc3 {a tempo} 17. Nf3 b5 18. a4 {a tempo} bxa4 19. Kd2 {
a tempo} Rc6 20. Nd4 {[%eval -30,0]} Rd6 {-0.9} 21. Kc3 a3 22. Rb8+ Kd7 {a
tempo} 23. Be2 a2 24. Rb7+ {a tempo} Kc8 25. Ra7 {[%eval -1,0] a tempo;} Rg8 {
-0.7} 26. g3 Rb6 {a tempo} 27. Nxe6 Rb1 {a tempo} 28. Bxa6+ Kb8 29. Rb7+ Rxb7 {
a tempo} 30. Bxb7 {a tempo} fxe6 {-0.3} 31. Ba6 {[%eval 5,0]} f5 32. Kb2 Rg7
33. exf5 Ra7 34. Bd3 {a tempo} exf5 35. Bxf5 {[%eval 49,0]} a1=Q+ 36. Rxa1 Bg7+
37. c3 Bxc3+ {a tempo} 38. Kxc3 {a tempo} Rxa1 39. Bxh7 Rh1 {+0.0} 1/2-1/2

[Event "Mephisto Cup (40/120')"]
[Site "?"]
[Date "2013.??.??"]
[Round "7"]
[White "Saitek SH7034, Magellan"]
[Black "Mephisto ARM2, RISC 2.0."]
[Result "1-0"]
[WhiteElo "2229"]
[BlackElo "2241"]
[Annotator "xchessg"]
[PlyCount "64"]
[SourceDate "2009.11.09"]

1. e4 e5 2. Nf3 Nc6 3. c3 Nf6 4. d4 Nxe4 5. d5 Nb8 6. Nxe5 Qe7 {*Fullbook, -0.2
} 7. Qd4 d6 8. Qxe4 {+0.0} Qxe5 9. Qxe5+ dxe5 {[%eval -13,0] *Grossbuch;} 10.
c4 Bf5 11. Nc3 Nd7 12. Be3 Bb4 13. a3 Bxc3+ 14. bxc3 {a tempo} O-O 15. Ra2 {+0.
3} Nb6 {[%eval 12,0]} 16. a4 Bd7 $6 {a tempo} 17. a5 Na4 18. Kd2 f5 19. f4 (19.
f3) 19... e4 $2 (19... exf4 20. Bxf4 Rac8 $14) 20. c5 {+0.8} Rfd8 {[%eval -84,
0] a tempo;} 21. Kc2 $18 Rdb8 {[%eval -106,0]} 22. Bc4 Kf8 23. Bb3 {a tempo} b5
24. axb6 {a tempo} axb6 25. c6 {+2.0} Bxc6 {[%eval -247,0]} 26. dxc6 Nc5 27.
Bxc5+ bxc5 {a tempo} 28. Rxa8 {+3.3} Rxa8 29. Rd1 {a tempo} Re8 30. Rd7 {+4.1}
Re7 {[%eval -278,0]} 31. Bg8 {a tempo} g6 32. Bxh7 {a tempo} Re6 {[%eval -371,
0]} 1-0

[Event "Mephisto Cup (40/120')"]
[Site "?"]
[Date "2014.??.??"]
[Round "8"]
[White "Mephisto ARM2, RISC 2.0."]
[Black "Saitek SH7034, Magellan"]
[Result "1-0"]
[WhiteElo "2241"]
[BlackElo "2229"]
[Annotator "xchessg"]
[PlyCount "79"]
[SourceDate "2009.11.09"]

1. d4 d6 2. e4 g6 3. Nc3 Bg7 {*Fullbook; +0.1} 4. f4 e6 5. Nf3 {[%eval 34,0]
*Grossbuch;} Ne7 6. Bb5+ c6 7. Be2 d5 {a tempo} 8. O-O O-O 9. Be3 Nd7 10. a4 {
[%eval 30,0] a tempo;} b6 {-0.4} 11. Ne5 dxe4 (11... Nf6 $5 $13) 12. Nxe4 f6
13. Nf3 Nf5 14. Bf2 Qc7 15. Bc4 {[%eval 24,0]} Re8 {-0.3} 16. g4 $1 Qxf4 17.
gxf5 Qxe4 18. Bxe6+ Kh8 19. Nh4 $1 c5 $2 {a tempo} (19... Nf8 $16) 20. Re1 $18
{[%eval 66,0]} Qf4 {-0.1} 21. Bg3 {[%eval 209,0]} (21. Bd5) 21... Qg5 {+1.5} (
21... Qxd4+ 22. Qxd4 cxd4 23. Bd5) 22. Bd5 {a tempo} Ba6 23. Bxa8 {a tempo}
Rxa8 24. a5 b5 25. Re7 Nf8 {a tempo} 26. dxc5 gxf5 27. Qd5 f4 28. Nf5 Rd8 29.
Qxd8 {a tempo} Qxf5 30. Rf1 Qxc5+ 31. Bf2 Qxc2 32. Qa8 b4 33. Rfe1 {a tempo}
Qg6+ 34. Kh1 Bc4 35. Rd7 {[%eval 377,0]} Bg8 {+2.6} 36. Rd8 {a tempo} Qf5 37.
Rg1 Bd5+ {+6.5} 38. Qxd5 Qxd5+ 39. Rxd5 a6 40. Rd8 1-0

[Event "Mephisto Cup (40/120')"]
[Site "?"]
[Date "2014.??.??"]
[Round "9"]
[White "Saitek SH7034, Magellan"]
[Black "Mephisto ARM2, RISC 2.0."]
[Result "1-0"]
[WhiteElo "2229"]
[BlackElo "2241"]
[Annotator "xchessg"]
[PlyCount "159"]
[SourceDate "2009.11.09"]

1. c4 c6 2. d4 d5 3. Nc3 e5 4. cxd5 cxd5 5. Nf3 e4 6. Ne5 f6 7. Qa4+ {Fullbook;
+0.0} Nd7 8. Ng4 Kf7 9. Nxd5 {-0.2} Nb6 {[%eval 43,0] *Grossbuch;} 10. Nxb6
Qxb6 11. Ne3 Bb4+ 12. Bd2 Bxd2+ 13. Kxd2 {a tempo} Qxb2+ 14. Nc2 {a tempo} Be6
15. Qa3 {+0.0} Qxa3 {[%eval 78,0]} 16. Nxa3 Ne7 17. e3 Rhd8 18. Be2 Rac8 19.
Rhd1 a6 20. f3 {+0.2} exf3 {[%eval 51,0] a tempo;} 21. Bxf3 b5 22. Nc2 Nd5 23.
Rdc1 a5 24. e4 Nb6 {a tempo} 25. Rab1 {+0.2} Nc4+ {[%eval 1,0]} 26. Ke2 b4 27.
d5 Bd7 28. Ne3 {a tempo} Bb5 29. Bg4 Nd6+ 30. Kf3 {-0.2} Rxc1 {[%eval 6,0]} 31.
Rxc1 {a tempo} Bd3 32. Be6+ {a tempo} Kf8 33. Kf4 {a tempo} Bxe4 34. h4 {a
tempo} a4 35. Rc6 {-0.5} Bd3 {[%eval 77,0]} 36. g3 h5 37. Rc7 b3 38. axb3 axb3
39. Nd1 g6 40. Nb2 {-0.8} Bf5 41. Ra7 Bxe6 42. dxe6 Rc8 43. Rd7 Rc6 44. Nd3 Nc4
45. Rb7 {-1.7} Rb6 {[%eval 193,0]} 46. Rc7 b2 47. Nxb2 Nxb2 48. Rf7+ Ke8 49.
Rxf6 Nd3+ 50. Ke4 Ke7 51. Rxg6 Nc5+ 52. Ke5 Nd7+ 53. Kf4 Nf8 54. Rg7+ {-2.7}
Kd6 {[%eval 252,0]} 55. Kf5 (55. Rf7 $142 Nxe6+ 56. Kf5 Rb3 57. Kg6 Rxg3+ 58.
Kxh5 $11) 55... Rb5+ 56. Kf6 {a tempo} Nxe6 57. Rh7 Nf8 {a tempo} 58. Rh6 Kc7
59. Kf7 Nd7 60. Rh7 {a tempo; -2.2} Kc8 {[%eval 200,0]} 61. Rh8+ Kb7 62. Kg6
Ne5+ {[%eval 33,0]} 63. Kf6 {a tempo;-1.9} Nc6 64. Kg6 Ne7+ 65. Kf7 {-1.8} Re5
$4 {[%eval 31,0]} (65... Nc6 $11) 66. Re8 {-0.7} Rf5+ {[%eval -133,0]} 67. Kxe7
{+0.9} Rf3 68. Rg8 Re3+ 69. Kd6 {a tempo} Rd3+ 70. Ke5 {a tempo} Ra3 71. Kf4 {
a tempo} Ra4+ 72. Kf5 {a tempo} Rd4 73. Rg5 Rd8 {a tempo} 74. Rxh5 Rd5+ 75. Kg6
Rd6+ 76. Kf7 Rd7+ 77. Ke6 Rg7 78. Rg5 Rc7 79. h5 Kb6 {[%eval -311,0]} 80. h6 {
+2.8} 1-0

[Event "Mephisto Cup (40/120')"]
[Site "?"]
[Date "2014.??.??"]
[Round "10"]
[White "Mephisto ARM2, RISC 2.0."]
[Black "Saitek SH7034, Magellan"]
[Result "1/2-1/2"]
[WhiteElo "2241"]
[BlackElo "2229"]
[Annotator "xchessg"]
[PlyCount "146"]
[SourceDate "2009.11.09"]

1. e4 d5 2. exd5 Nf6 3. d4 Nxd5 4. Nf3 g6 {*Fullbook; +0.2} 5. Be2 Bg7 6. O-O
O-O 7. c4 Nb6 {+0.1} 8. Be3 $6 {[%eval 21,0] *Grossbuch;} (8. Nc3 $14) 8... c5
9. Nc3 cxd4 {a tempo} 10. Nxd4 Nc6 11. Nxc6 bxc6 12. Qc1 Re8 13. Rd1 Qc7 {a
tempo} 14. Bh6 Be5 15. f4 {[%eval 45,0]} Bh8 {-0.1} 16. c5 Nd7 {a tempo} 17.
Ne4 Nf6 18. Ng5 $6 (18. Nxf6+) 18... Ng4 19. Bxg4 {a tempo} Bxg4 20. Rd3 {
[%eval -27,0]} Rab8 {-1.5} 21. Rb3 Red8 22. Qc4 e6 23. h3 {a tempo} Bf5 24. Re1
Rxb3 25. axb3 {[%eval -83,0]} Bd4+ {-1.7} 26. Kh1 Bxb2 27. Ne4 Qa5 28. b4 Qa3
29. Bg5 Rd3 30. Rf1 {[%eval -171,0] a tempo;} Re3 {-3.0} 31. Nf2 Rc3 {a tempo}
32. Qe2 Qxb4 {a tempo} 33. Rd1 Rc4 34. Rd8+ Kg7 35. Kh2 {[%eval -150,0]} Rc2
36. Qf3 Bd4 37. Ng4 Bxg4 38. hxg4 Rc1 39. f5 Be5+ 40. g3 {[%eval -208,0]} Rc2+
{a tempo; -1.9} 41. Kh3 exf5 {a tempo} 42. gxf5 h5 {a tempo} 43. fxg6 Qg4+ {a
tempo} 44. Qxg4 {a tempo} hxg4+ 45. Kxg4 Kxg6 {a tempo} 46. Rg8+ Bg7 $6 (46...
Kh7) 47. Be3 Rc4+ 48. Kf3 Rc3 {a tempo} 49. Ke2 Ra3 {a tempo} 50. Bd4 {[%eval
-69,0]} f6 {-1.1} 51. Rd8 Rxg3 52. Rd6 Kf5 {a tempo} 53. Rxc6 Ke4 {a tempo} 54.
Bf2 Ra3 {a tempo} 55. Re6+ Kf5 {a tempo} 56. Re7 Bh6 57. Bd4 Ra6 {a tempo} 58.
Kd3 Kg4 59. Kc4 f5 60. Kd5 {[%eval 9,0]} Ra5 61. Rh7 {a tempo} Bd2 62. Kd6 Kf3
63. c6 {a tempo} Bb4+ 64. Kc7 Ke4 65. Rd7 Rb5 {a tempo; -0.1} 66. Bxa7 f4 67.
Rd4+ Ke5 68. Kd7 Ba5 {a tempo} 69. Ra4 Rd5+ 70. Kc8 {[%eval 4,0] a tempo;} Kd6
{+1.0} 71. Kb7 Rb5+ 72. Ka6 Rd5 73. Rc4 Kc7 1/2-1/2